[Event "Blagoevgrad op"]
[Site "Blagoevgrad"]
[Date "2013.10.02"]
[Round "7"]
[White "Stoyanov, Radoy"]
[Black "Lazov, Stefan"]
[Result "1-0"]
[WhiteElo "2152"]
[BlackElo "1828"]
[PlyCount "59"]
[EventDate "2013.09.28"]
[EventType "swiss"]
[EventRounds "9"]
[EventCountry "BUL"]
[SourceTitle "CBM 156 Extra"]
[Source "ChessBase"]
[SourceDate "2013.10.22"]
[SourceVersion "1"]
[SourceVersionDate "2013.10.22"]
[SourceQuality "1"]

1. e4 Nf6 2. e5 Nd5 3. Nf3 d6 4. d4 dxe5 5. dxe5 g6 6. Bc4 c6 7. Nc3 Be6 8. Ng5 Nc7 9. Qxd8+ Kxd8 10. Bxe6 fxe6 11. Nf7+ Ke8 12. Nxh8 Bg7 13. Nxg6 hxg6 14. f4 Nba6 15. Bd2 Rd8 16. h4 Rd4 17. 0-0-0 Nd5 18. g3 Rc4 19. Rhe1 Nc5 20. Nxd5 Nd3+ 21. Kb1 Nxe1 22. Nc7+ Kd7 23. Ba5+ Kc8 24. Nxe6 b6 25. Rxe1 bxa5 26. Nxg7 Kd7 27. b3 Rd4 28. Kc1 Kc8 29. Ne6 Rb4 30. Nf8 1-0